Leeman v Mohammed (Record no. 67940)

MARC details
000 -LEADER
fixed length control field 00703cam a2200181 4500
001 - CONTROL NUMBER
control field X113996
008 - FIXED-LENGTH DATA ELEMENTS--GENERAL INFORMATION
fixed length control field 010807n2001 000 0 eng u
035 ## - SYSTEM CONTROL NUMBER
System control number (Sirsi) u113996
245 ## - TITLE STATEMENT
Title Leeman v Mohammed
260 ## - PUBLICATION, DISTRIBUTION, ETC.
Date of publication, distribution, etc. 2001
490 ## - SERIES STATEMENT
Series statement Property, Planning and Compensation Reports
Volume/sequential designation [2001] 82 P&CR 159-170(10)
520 ## - SUMMARY, ETC.
Summary, etc. CA 16 January 2001. Real property. Power of attorney-Competing leases-Prioriiies-Whether overriding interest. Whether actual occupation- Land Registration Act 1925 s70(1)(a). Taken from headnote
650 ## - SUBJECT ADDED ENTRY--TOPICAL TERM
Topical term or geographic name entry element LEEMAN V MOHAMMED
650 ## - SUBJECT ADDED ENTRY--TOPICAL TERM
Topical term or geographic name entry element LAND REGISTRATION ACT 1925 S70(1)(A)
650 ## - SUBJECT ADDED ENTRY--TOPICAL TERM
Topical term or geographic name entry element POWER OF ATTORNEY
690 ## - LOCAL SUBJECT ADDED ENTRY--TOPICAL TERM (OCLC, RLIN)
Topical term or geographic name as entry element PROPERTY AND LAND LAW-CASE LAW
942 ## - ADDED ENTRY ELEMENTS (KOHA)
Suppress in OPAC 0
Holdings
Withdrawn status Lost status Source of classification or shelving scheme Damaged status Not for loan Home library Current library Shelving location Date acquired Total Checkouts Full call number Barcode Date last seen Copy number Price effective from Koha item type
    Dewey Decimal Classification     London London Journal article 07/08/2001   X113996 113996-1001 06/08/2019 1 06/08/2019 Law report